Meeresbiologie

Bibliographic Details
Main Authors: Vostal, Zdeněk, 1930-2013 (Author), Tardent, Pierre (Author)
Format: Article
Language:Slovak
English
ISSN:1210-0420
Subjects:

MARC

LEADER 00000nab a2200000 a 4500
001 vtls000531497
003 SK-MaSNL
005 20260304095748.0
008 250425c1994 xo 0 slo
015 |a SNBRB19rr/mm-uuuuu 
035 |a CL0531635 
035 |a urn:nbn:sk:snk-abdew 
035 |a (urnnbn)urn:nbn:sk:snk:ar-a06or6 
035 |a (uuid)afdb3975-e4dc-4109-b73a-bc6137388425 
040 |a SNKBUCL  |b slo  |c SNKBUCL  |e AACR2 
041 0 |a eng 
044 |a xo  |c SK 
080 |a 574.5:551.46:556.115  |2 1981 
080 |a 551.46  |2 1981 
080 |a 556.115  |2 1981 
080 |a 504.42  |2 1981 
100 1 |a Vostal, Zdeněk,  |d 1930-2013  |4 aut  |9 37233 
245 1 0 |a Meeresbiologie  |c Z. Vostál 
650 0 7 |a more  |2 snkbucl  |9 67754 
650 0 7 |a morská biológia  |2 snkbucl  |9 78408 
650 0 7 |a ekológia mora  |2 snkbucl  |9 246051 
655 7 |a články z novín a časopisov  |2 snkbucl  |9 267496 
700 1 |a Tardent, Pierre  |4 aut  |9 1393267 
773 0 |t Thaiszia  |g Roč. 4, č. 1 (1994), s. 109-110  |x 1210-0420 
787 0 8 |i Rec.:  |a Tardent, Pierre  |t Meeresbiologie  |d Stuttgart-New York : Georg Thieme Verlag, 1993 
850 |a Slovenská národná knižnica 
852 |a Slovenská národná knižnica 
958 |a article27 
958 |a RK 
958 |a ME 
958 |a OND 
958 |a EUIPO 
992 |a RBX 
999 |c 2834274  |d 2836204